Equipage du Heart ( One Piece ) - Statistiques

Statistiques générales
  • Ce quiz a été pris 68 fois
  • Le résultat moyen est 5 sur 9
Statistiques - réponses
Par images Réponse % Correct
Law
98%
Bepo
94%
Penguin
71%
Shachi
46%
Bart
44%
Ikkaku
31%
Clione
27%
Uni
27%
Hakugan
21%
Aucun quiz correspondant
Distribution des résultats
% des personnes avec chaque résultat
Percentile par nombre de réponses
Votre historique - résultats
Vous n’avez pas pris ce quiz